[Event "Titled Tuesday intern op 23rd Apr Late"]
[Site "Chess.com INT"]
[Date "2024.04.23"]
[Round "5"]
[White "Shankland, Samuel L"]
[Black "Caspi, Israel"]
[Result "1-0"]
[WhiteElo "2671"]
[BlackElo "2468"]
[PlyCount "127"]
[EventDate "2024.04.23"]
[EventType "swiss (blitz)"]
[EventRounds "11"]
[EventCountry "USA"]
[SourceTitle "CB18_2024"]
[SourceDate "2024.05.01"]
[SourceVersion "1"]
[SourceVersionDate "2024.05.01"]
[SourceQuality "2"]

1. e4 e6 2. d4 d5 3. Nd2 c5 4. Ngf3 cxd4 5. exd5 Qxd5 6. Bc4 Qd6 7. 0-0 Nc6 8. Nb3 Nf6 9. Nbxd4 Nxd4 10. Nxd4 Be7 11. Re1 0-0 12. b3 b6 13. a4 Bb7 14. Ba3 Qc7 15. Bxe7 Qxe7 16. Nxe6 Rfe8 17. Ng5 Qxe1+ 18. Qxe1 Rxe1+ 19. Rxe1 Bd5 20. Bd3 h6 21. Nh3 g5 22. f3 Rd8 23. Nf2 Kf8 24. Kf1 a5 25. Ke2 Nh5 26. Kf1 Nf4 27. Re3 Rc8 28. c4 Be6 29. g3 Nh5 30. Ne4 Rd8 31. Ke2 Ng7 32. Nc3 Ne8 33. Re5 Nc7 34. Ke3 f6 35. Re4 Bf5 36. Rd4 Re8+ 37. Kd2 Ne6 38. Rd6 Bxd3 39. Kxd3 Nc5+ 40. Kc2 Re3 41. Rxf6+ Kg7 42. Rf5 Kg6 43. g4 h5 44. h3 h4 45. Nd5 Rxb3 46. Ne7+ Kh6 47. Rxc5 Rxf3 48. Rc6+ Kh7 49. Nf5 Rxh3 50. Rh6+ Kg8 51. Rg6+ Kf7 52. Rxg5 Ra3 53. Rh5 h3 54. Rh6 Rxa4 55. Kb3 Rb4+ 56. Kc3 Rb1 57. Rxh3 Rc1+ 58. Kd4 Rg1 59. Ke5 Re1+ 60. Re3 Rc1 61. Rb3 Kf8 62. Rxb6 Rxc4 63. Rb8+ Kf7 64. Nd6+ 1-0

[Event "Titled Tuesday intern op 16th Apr Late"]
[Site "Chess.com INT"]
[Date "2024.04.16"]
[Round "4"]
[White "Shankland, Samuel L"]
[Black "Dobrikov, Marco"]
[Result "1-0"]
[WhiteElo "2671"]
[BlackElo "2364"]
[PlyCount "75"]
[EventDate "2024.04.16"]
[EventType "swiss (blitz)"]
[EventRounds "11"]
[EventCountry "USA"]
[SourceTitle "CB17_2024"]
[SourceDate "2024.04.24"]
[SourceVersion "1"]
[SourceVersionDate "2024.04.24"]
[SourceQuality "1"]

1. d4 d5 2. c4 c6 3. Nc3 Nf6 4. e3 e6 5. Nf3 Bd6 6. Bd3 Nbd7 7. e4 dxe4 8. Nxe4 Nxe4 9. Bxe4 Nf6 10. Bc2 c5 11. 0-0 cxd4 12. Qxd4 Be7 13. Qh4 Qa5 14. Bd2 Qh5 15. Qg3 0-0 16. Ne5 Bd6 17. Bc3 Nd7 18. Qf3 Qxf3 19. Nxf3 Be7 20. Rfd1 Bf6 21. Bxf6 Nxf6 22. Ne5 b6 23. a4 Bb7 24. a5 Rfd8 25. f3 Kf8 26. Rxd8+ Rxd8 27. axb6 axb6 28. Ra7 Rb8 29. Ba4 Kg8 30. h4 Nh5 31. Nd7 Ra8 32. Rxb7 Nf4 33. Nxb6 Rd8 34. Rd7 Rb8 35. c5 Kf8 36. b4 h5 37. c6 Rxb6 38. c7 1-0

[Event "Titled Tuesday intern op 02nd Apr Late"]
[Site "Chess.com INT"]
[Date "2024.04.02"]
[Round "3"]
[White "Riff, Vincent"]
[Black "Shankland, Samuel L"]
[Result "1/2-1/2"]
[WhiteElo "2367"]
[BlackElo "2671"]
[PlyCount "103"]
[EventDate "2024.04.02"]
[EventType "swiss (blitz)"]
[EventRounds "11"]
[EventCountry "USA"]
[SourceTitle "CB15_2024"]
[SourceDate "2024.04.10"]
[SourceVersion "1"]
[SourceVersionDate "2024.04.10"]
[SourceQuality "1"]

1. e4 c5 2. Nc3 Nc6 3. Bb5 Nd4 4. Bc4 e6 5. Nf3 Nf6 6. 0-0 a6 7. d3 b5 8. Bb3 Nxb3 9. axb3 Bb7 10. e5 Nd5 11. Ne4 d6 12. exd6 Bxd6 13. Nfg5 0-0 14. Nxd6 Qxd6 15. Qh5 Nf6 16. Qh4 h6 17. Ne4 Nxe4 18. dxe4 Rad8 19. Be3 Qe5 20. Rfe1 Rd7 21. c3 Rfd8 22. Qg3 Qxg3 23. hxg3 Rc8 24. f3 f5 25. exf5 exf5 26. Rad1 Rd5 27. Rxd5 Bxd5 28. Ra1 Rc6 29. b4 cxb4 30. cxb4 g5 31. Bc5 Kf7 32. Rd1 Ke6 33. Re1+ Kf6 34. Rd1 Be6 35. Rd6 Rxd6 36. Bxd6 g4 37. f4 Bd5 38. Kf2 Be4 39. Bc7 Ke6 40. Bd8 Kd5 41. Bf6 Kc4 42. Bc3 Kb3 43. Kf1 Kc2 44. Kf2 Kd1 45. Be5 Bd3 46. Bc3 Bc4 47. Be5 Kd2 48. Bg7 h5 49. Be5 Bd5 50. Bc3+ Kc2 51. Kf1 Kb3 52. Kf2 1/2-1/2

[Event "Titled Tuesday intern op 02nd Apr Late"]
[Site "Chess.com INT"]
[Date "2024.04.02"]
[Round "5"]
[White "Shankland, Samuel L"]
[Black "Paravyan, David"]
[Result "0-1"]
[WhiteElo "2671"]
[BlackElo "2606"]
[PlyCount "114"]
[EventDate "2024.04.02"]
[EventType "swiss (blitz)"]
[EventRounds "11"]
[EventCountry "USA"]
[SourceTitle "CB15_2024"]
[SourceDate "2024.04.10"]
[SourceVersion "1"]
[SourceVersionDate "2024.04.10"]
[SourceQuality "1"]

1. d4 d5 2. c4 dxc4 3. e3 Nf6 4. Bxc4 e6 5. Nf3 a6 6. 0-0 c5 7. Nbd2 cxd4 8. Nxd4 Bc5 9. Bd3 0-0 10. Ne4 Nbd7 11. Nxc5 Nxc5 12. Bc2 e5 13. Nf3 Qxd1 14. Rxd1 Bg4 15. h3 Bxf3 16. gxf3 Rfd8 17. Bd2 Rac8 18. Bc3 Re8 19. Rd6 Re6 20. Rad1 Rxd6 21. Rxd6 Ne8 22. Rd5 f6 23. Bf5 Rc6 24. Rd8 Kf7 25. Bxh7 g6 26. Bxg6+ Kxg6 27. Rxe8 Na4 28. Rb8 b5 29. Ra8 Nxc3 30. bxc3 Rxc3 31. Rxa6 b4 32. Kg2 b3 33. axb3 Rxb3 34. Ra4 f5 35. Kg3 Rb1 36. Ra6+ Kf7 37. f4 e4 38. Kh4 Rg1 39. Kh5 Rg2 40. h4 Kg7 41. Ra2 Kf6 42. Ra7 Rg1 43. Kh6 Rg6+ 44. Kh7 Rg2 45. Ra6+ Kf7 46. Kh6 Rg1 47. h5 Rg2 48. Rg6 Rxf2 49. Kg5 Rf3 50. Kxf5 Rxe3 51. h6 Rh3 52. Rg7+ Kf8 53. Kg6 Rg3+ 54. Kh7 Rh3 55. Rg5 Kf7 56. Rf5+ Ke6 57. Kg6 Rxh6+ 0-1

[Event "American Cup Elim"]
[Site "Saint Louis"]
[Date "2024.03.14"]
[Round "1.1"]
[White "Dominguez Perez, Leinier"]
[Black "Shankland, Samuel L"]
[Result "1/2-1/2"]
[WhiteElo "2749"]
[BlackElo "2674"]
[PlyCount "94"]
[EventDate "2024.03.14"]
[EventType "k.o. (rapid)"]
[EventRounds "3"]
[EventCountry "USA"]
[SourceTitle "CB12_2024"]
[SourceDate "2023.10.01"]
[SourceVersion "1"]
[SourceVersionDate "2023.10.01"]
[SourceQuality "1"]

1. e4 c5 2. Nf3 e6 3. d4 cxd4 4. Nxd4 Nc6 5. Nc3 Nf6 6. Ndb5 d6 7. Bf4 e5 8. Bg5 a6 9. Na3 b5 10. Nd5 Be7 11. Bxf6 Bxf6 12. c3 Bg5 13. Nc2 Rb8 14. Be2 0-0 15. 0-0 Be6 16. Qd3 g6 17. Rfd1 Kg7 18. Ncb4 Nxb4 19. Nxb4 Rb6 20. Nd5 Rb7 21. Bf3 a5 22. Qe2 Qc8 23. Rd3 b4 24. cxb4 axb4 25. h3 Qc5 26. b3 Rc8 27. Bg4 Qc2 28. Qf1 f5 29. exf5 gxf5 30. Be2 Kh8 31. Rdd1 Qc5 32. Bc4 Rg7 33. Nxb4 Bxc4 34. Qxc4 Qxc4 35. bxc4 Rxc4 36. a3 Ra7 37. Rab1 Rxa3 38. Rxd6 Be7 39. Rb6 Rxb4 40. R6xb4 Bxb4 41. Rxb4 Ra1+ 42. Kh2 Kg7 43. Rb7+ Kg6 44. Rb6+ Kg7 45. Rb7+ Kg6 46. Rb6+ Kg7 47. Rb7+ Kg6 1/2-1/2

[Event "American Cup Elim"]
[Site "Saint Louis"]
[Date "2024.03.14"]
[Round "1.5"]
[White "Dominguez Perez, Leinier"]
[Black "Shankland, Samuel L"]
[Result "1-0"]
[WhiteElo "2749"]
[BlackElo "2674"]
[PlyCount "91"]
[EventDate "2024.03.14"]
[EventType "k.o. (rapid)"]
[EventRounds "3"]
[EventCountry "USA"]
[SourceTitle "CB12_2024"]
[SourceDate "2023.10.01"]
[SourceVersion "1"]
[SourceVersionDate "2023.10.01"]
[SourceQuality "1"]

1. e4 c5 2. Nf3 e6 3. d4 cxd4 4. Nxd4 Nc6 5. Nc3 Nf6 6. Ndb5 d6 7. Bf4 e5 8. Bg5 a6 9. Na3 b5 10. Nd5 Be7 11. Bxf6 Bxf6 12. c3 Bg5 13. Nc2 Rb8 14. Be2 0-0 15. 0-0 Ne7 16. Ncb4 Bb7 17. Nxe7+ Qxe7 18. Qd3 g6 19. Nd5 Qe6 20. Rad1 Bd8 21. Qg3 Kh8 22. Qe3 f5 23. Bf3 Qf7 24. Qe2 Bg5 25. Rd3 a5 26. a3 Bc6 27. b4 Rfc8 28. bxa5 Bd8 29. Nb4 fxe4 30. Bxe4 Bxe4 31. Qxe4 Bxa5 32. Rxd6 Qf5 33. Qe3 Bxb4 34. axb4 Qf4 35. Re1 Kg7 36. g3 Qxe3 37. Rxe3 Re8 38. Rd5 Kf6 39. Rc5 Re6 40. Kg2 Rbb6 41. Rd3 Rec6 42. Rdd5 Rxc5 43. Rxc5 Kf5 44. Kf3 Rd6 45. Ke3 Rb6 46. f4 1-0

[Event "American Cup Elim"]
[Site "Saint Louis"]
[Date "2024.03.14"]
[Round "1.6"]
[White "Shankland, Samuel L"]
[Black "Dominguez Perez, Leinier"]
[Result "1-0"]
[WhiteElo "2674"]
[BlackElo "2749"]
[PlyCount "64"]
[EventDate "2024.03.14"]
[EventType "k.o. (rapid)"]
[EventRounds "3"]
[EventCountry "USA"]
[SourceTitle "CB12_2024"]
[SourceDate "2023.10.01"]
[SourceVersion "1"]
[SourceVersionDate "2023.10.01"]
[SourceQuality "1"]

1. d4 Nf6 2. Nf3 d5 3. Bf4 e6 4. e3 c5 5. c3 Bd6 6. Bd3 Bxf4 7. exf4 Qb6 8. Qc1 cxd4 9. Nxd4 Nc6 10. Nf3 0-0 11. 0-0 Rd8 12. Nbd2 Bd7 13. Nb3 Rac8 14. Re1 a6 15. Qd2 g6 16. h4 Be8 17. Nbd4 Nxd4 18. Nxd4 Qd6 19. Re2 Bd7 20. Rae1 Re8 21. f3 Nh5 22. Re5 f6 23. g4 fxe5 24. fxe5 Qe7 25. gxh5 Qxh4 26. hxg6 Qg3+ 27. Kf1 hxg6 28. Re2 Re7 29. Rg2 Qh3 30. Qg5 Rg7 31. Kf2 Rf8 32. Ke3 Qh4 1-0

[Event "Titled Tuesday intern op 13th Feb Late"]
[Site "Chess.com INT"]
[Date "2024.02.13"]
[Round "7"]
[White "Miszler, Levente"]
[Black "Shankland, Samuel L"]
[Result "0-1"]
[WhiteElo "2269"]
[BlackElo "2674"]
[PlyCount "84"]
[EventDate "2024.02.13"]
[EventType "swiss (blitz)"]
[EventRounds "11"]
[EventCountry "USA"]
[SourceTitle "CB08_2024"]
[SourceDate "2024.02.21"]
[SourceVersion "1"]
[SourceVersionDate "2024.02.21"]
[SourceQuality "1"]

1. Nf3 d5 2. c4 c6 3. g3 Nf6 4. Bg2 dxc4 5. 0-0 Nbd7 6. a4 Nc5 7. Na3 Be6 8. Qc2 Nb3 9. Rb1 Qd5 10. Rd1 Bf5 11. d3 cxd3 12. exd3 Bg4 13. Be3 e6 14. Nc4 Bxf3 15. Bxf3 Qxf3 16. Qxb3 b6 17. Rbc1 Qd5 18. Qc2 Be7 19. d4 0-0 20. Ne5 Rfc8 21. Nxc6 Bd6 22. b4 a6 23. Qc4 b5 24. axb5 axb5 25. Qxd5 Nxd5 26. Ne5 Nc3 27. Rd2 Bxb4 28. Rdc2 Ba5 29. Kf1 b4 30. Bd2 b3 31. Rb2 Na4 32. Rxc8+ Rxc8 33. Rxb3 Bxd2 34. Nf3 Bc3 35. Ke2 Ba5 36. Rb7 Nc3+ 37. Kd3 Nd5 38. Ne5 Bc7 39. Nc6 Kf8 40. f4 Bxf4 41. Ne7 Nxe7 42. gxf4 Nd5 0-1

[Event "Chessable Masters Play In"]
[Site "Chess.com INT"]
[Date "2024.01.31"]
[Round "6"]
[White "Shankland, Samuel L"]
[Black "Svane, Rasmus"]
[Result "0-1"]
[WhiteElo "2674"]
[BlackElo "2637"]
[PlyCount "82"]
[EventDate "2024.01.31"]
[EventType "swiss (rapid)"]
[EventRounds "9"]
[EventCountry "USA"]
[SourceTitle "CB06_2024"]
[SourceDate "2024.02.07"]
[SourceVersion "1"]
[SourceVersionDate "2024.02.07"]
[SourceQuality "1"]

1. c4 Nf6 2. g3 e6 3. Bg2 d5 4. Nf3 Be7 5. 0-0 0-0 6. d4 dxc4 7. Qc2 a6 8. Qxc4 b5 9. Qc2 Bb7 10. Bd2 Be4 11. Qc1 c6 12. Rd1 Bxf3 13. Bxf3 Qxd4 14. a4 Qb6 15. axb5 Qxb5 16. Na3 Qb3 17. Nc4 Nd5 18. Na5 Qb5 19. e4 Nb4 20. Be3 c5 21. e5 N8c6 22. Nc4 Rad8 23. Nd6 Bxd6 24. exd6 c4 25. Qc3 Nd5 26. Bxd5 exd5 27. Qa3 Nb4 28. Qa5 Nd3 29. Qxb5 axb5 30. Ra5 Rxd6 31. Rxb5 d4 32. Bd2 Re8 33. Kf1 h6 34. Ba5 Rf6 35. Rd2 Re1+ 36. Kg2 Rb1 37. Rd5 Ne1+ 38. Kh3 Nf3 39. Rc2 Rh1 40. Rxc4 Rxh2+ 41. Kg4 g6 0-1

[Event "Titled Tuesday intern op 12th Dec Early"]
[Site "Chess.com INT"]
[Date "2023.12.12"]
[Round "6"]
[White "Fedoseev, Vladimir1"]
[Black "Shankland, Samuel L"]
[Result "0-1"]
[WhiteElo "2683"]
[BlackElo "2674"]
[PlyCount "106"]
[EventDate "2023.12.12"]
[EventType "swiss (blitz)"]
[EventRounds "11"]
[EventCountry "USA"]
[SourceTitle "CB51_2023"]
[SourceDate "2023.12.20"]
[SourceVersion "1"]
[SourceVersionDate "2023.12.20"]
[SourceQuality "1"]

1. e4 c5 2. Nf3 d6 3. Bb5+ Bd7 4. c4 Nf6 5. Nc3 g6 6. 0-0 Bg7 7. Bxd7+ Nbxd7 8. d3 0-0 9. h3 a6 10. a4 e6 11. Bf4 Qc7 12. Qd2 Ne5 13. Nxe5 dxe5 14. Be3 Rfd8 15. a5 Nh5 16. Na4 Bf8 17. Ra3 f5 18. f3 Nf4 19. h4 Be7 20. Nb6 Rab8 21. exf5 gxf5 22. Bxf4 exf4 23. Re1 Kf7 24. Qf2 Rd4 25. Re2 Rg8 26. Qe1 Qd6 27. Kh2 Bf6 28. b4 cxb4 29. Rb3 Rg3 30. Qxb4 Qxb4 31. Rxb4 Rxd3 32. Nc8 Rd7 33. Rxb7 Rxb7 34. Nd6+ Ke7 35. Nxb7 Bd4 36. c5 Rg8 37. c6 Rc8 38. Rc2 e5 39. g3 fxg3+ 40. Kxg3 Ke6 41. h5 h6 42. Kg2 Rc7 43. Kf1 Kd5 44. Nd8 e4 45. fxe4+ fxe4 46. Ke2 Bf6 47. Rd2+ Ke5 48. Ke3 Bg5+ 49. Ke2 Bxd2 50. Kxd2 Kd6 51. Ke3 Ke7 52. Nb7 Rxc6 53. Kxe4 Rc7 0-1

[Event "Titled Tuesday intern op 12th Dec Early"]
[Site "Chess.com INT"]
[Date "2023.12.12"]
[Round "11"]
[White "Szpar, Milosz"]
[Black "Shankland, Samuel L"]
[Result "0-1"]
[WhiteElo "2485"]
[BlackElo "2674"]
[PlyCount "86"]
[EventDate "2023.12.12"]
[EventType "swiss (blitz)"]
[EventRounds "11"]
[EventCountry "USA"]
[SourceTitle "CB51_2023"]
[SourceDate "2023.12.20"]
[SourceVersion "1"]
[SourceVersionDate "2023.12.20"]
[SourceQuality "1"]

1. e4 c5 2. Nf3 d6 3. d4 cxd4 4. Nxd4 Nf6 5. Nc3 Nc6 6. f3 e5 7. Nb3 Be6 8. Be3 d5 9. exd5 Nxd5 10. Nxd5 Qxd5 11. Qxd5 Bxd5 12. 0-0-0 0-0-0 13. Bb5 a6 14. Bd3 g6 15. Be4 Bxe4 16. fxe4 Be7 17. Rhf1 f6 18. Nd2 Kd7 19. Bb6 Rc8 20. Nc4+ Ke6 21. Ne3 Bd8 22. Bc5 Be7 23. Bb6 Bd8 24. Nc4 Nd4 25. Bxd8 Rhxd8 26. Ne3 f5 27. exf5+ gxf5 28. c3 f4 29. Ng4 h5 30. Nf2 Nf5 31. Rfe1 Rxd1+ 32. Nxd1 Rg8 33. Re2 h4 34. Kd2 h3 35. gxh3 f3 36. Rf2 e4 37. Ke1 Ke5 38. Rf1 Kf4 39. Nf2 Ne3 40. Rh1 Rd8 41. h4 Ng2+ 42. Kf1 e3 43. Nh3+ Kg4 0-1

[Event "FIDE Grand Swiss"]
[Site "Douglas"]
[Date "2023.11.03"]
[Round "9"]
[White "Shankland, Samuel L"]
[Black "Yakubboev, Nodirbek"]
[Result "0-1"]
[WhiteElo "2698"]
[BlackElo "2616"]
[PlyCount "72"]
[EventDate "2023.10.25"]
[EventType "swiss"]
[EventRounds "11"]
[EventCountry "IOM"]
[SourceTitle "Mega2024 Update 01"]
[Source "Chessbase"]
[SourceDate "2023.11.12"]
[SourceVersion "1"]
[SourceVersionDate "2023.11.12"]
[SourceQuality "1"]

1. d4 Nf6 2. Nf3 d5 3. Bf4 c5 4. e3 Nc6 5. Nbd2 e6 6. c3 cxd4 7. exd4 Nh5 8. Be3 Bd6 9. Bb5 Nf4 10. 0-0 a6 11. Bxc6+ bxc6 12. Ne5 Ng6 13. Qh5 0-0 14. b4 Qe8 15. Nb3 f6 16. Nxg6 hxg6 17. Qd1 e5 18. Qd2 e4 19. Bf4 Be7 20. h4 g5 21. hxg5 fxg5 22. Bxg5 Bd6 23. f4 Bg4 24. f5 Qh5 25. Bf4 Be7 26. Na5 Rac8 27. Nb7 Rxf5 28. Nd6 Bxd6 29. Bxd6 Bf3 30. Bh2 Rg5 31. Rf2 Re8 32. Re1 e3 33. Rxe3 Rxe3 34. Qxe3 Bxg2 35. Qd2 Bh3+ 36. Kh1 Bf5 0-1

[Event "FIDE Grand Swiss"]
[Site "Douglas"]
[Date "2023.10.29"]
[Round "5"]
[White "Shankland, Samuel L"]
[Black "Tari, Aryan"]
[Result "1-0"]
[WhiteElo "2698"]
[BlackElo "2619"]
[PlyCount "119"]
[EventDate "2023.10.25"]
[EventType "swiss"]
[EventRounds "11"]
[EventCountry "IOM"]
[SourceTitle "Mega2024 Update 01"]
[Source "Chessbase"]
[SourceDate "2023.11.12"]
[SourceVersion "1"]
[SourceVersionDate "2023.11.12"]
[SourceQuality "1"]

1. d4 Nf6 2. c4 e6 3. Nc3 Bb4 4. e3 0-0 5. Bd2 c5 6. a3 Bxc3 7. Bxc3 Ne4 8. Ne2 b6 9. h4 d6 10. f3 Nxc3 11. Nxc3 cxd4 12. Qxd4 Nc6 13. Qf4 f5 14. Rd1 e5 15. Qg5 a6 16. Nd5 Rb8 17. g3 Be6 18. Qxd8 Rfxd8 19. Nc7 Bf7 20. Rh2 Na5 21. Nd5 Bxd5 22. cxd5 b5 23. b4 Nc4 24. Bxc4 bxc4 25. Rc2 a5 26. Rxc4 axb4 27. axb4 Rb5 28. e4 fxe4 29. fxe4 Ra8 30. Ke2 h5 31. Rb1 Ra3 32. Rc6 Ra4 33. Kd3 Rbxb4 34. Rxb4 Rxb4 35. Rxd6 Rb3+ 36. Kc4 Re3 37. Re6 Rxe4+ 38. Kc5 Kf7 39. Kd6 Re3 40. Rxe5 Rxg3 41. Rxh5 Rg4 42. Rf5+ Ke8 43. Re5+ Kd8 44. Rh5 Rg6+ 45. Ke5 Rg4 46. Kf5 Rd4 47. Ke6 Kc7 48. Rh7 Re4+ 49. Kf5 Re7 50. Kg6 Kd6 51. Rxg7 Re1 52. h5 Kxd5 53. Kf7 Rf1+ 54. Kg8 Ke6 55. h6 Ra1 56. Rf7 Rg1+ 57. Kf8 Ra1 58. h7 Ra2 59. Re7+ Kd6 60. h8Q 1-0